Yong Kee's wish / (Record no. 9493)

MARC details
000 -LEADER
fixed length control field 01141nam a22002777a 4500
001 - CONTROL NUMBER
control field 9493
003 - CONTROL NUMBER IDENTIFIER
control field FISKH
005 - DATE AND TIME OF LATEST TRANSACTION
control field 20260115093714.0
008 - FIXED-LENGTH DATA ELEMENTS--GENERAL INFORMATION
fixed length control field 260115b cb ||||| |||| 00| 0 eng d
040 ## - CATALOGING SOURCE
Original cataloging agency FISKH
Language of cataloging eng
Transcribing agency FISKH
Modifying agency FISKH
050 ## - LIBRARY OF CONGRESS CALL NUMBER
Classification number PZ7
082 ## - DEWEY DECIMAL CLASSIFICATION NUMBER
Classification number 813
100 ## - MAIN ENTRY--PERSONAL NAME
Personal name Anderson, Paul
Relator term Author
245 ## - TITLE STATEMENT
Title Yong Kee's wish /
Statement of responsibility, etc. By Paul Anderson ; illustrated by Bonnie Rutherford
260 ## - PUBLICATION, DISTRIBUTION, ETC.
Place of publication, distribution, etc. Chicago :
Name of publisher, distributor, etc. Science Research Associates ,
Date of publication, distribution, etc. 1972
300 ## - PHYSICAL DESCRIPTION
Extent 20 pages :
Other physical details color illustrations ;
Dimensions 21 cm
505 ## - FORMATTED CONTENTS NOTE
Formatted contents note N<br/>
520 ## - SUMMARY, ETC.
Summary, etc. A Korean boy has a special way to make a wish come true. He weaves a doll out of straw and makes his wish on it. Then, on New Year's Eve, he leaves the doll in the road. If someone carries it off, his wish supposed to come true. Yong Kee knows what he wants: He wants a jiggy, a pack Koreans use to carry heavy loads. But will his wish come true? Will someone pick up his doll?
521 8# - TARGET AUDIENCE NOTE
Target audience note 570<br/>
Source Lexile estimate<br/>
521 8# - TARGET AUDIENCE NOTE
Target audience note N<br/>
Source Raz-Plus<br/>
650 ## - SUBJECT ADDED ENTRY--TOPICAL TERM
Topical term or geographic name entry element Boy
Form subdivision Fiction
650 ## - SUBJECT ADDED ENTRY--TOPICAL TERM
Topical term or geographic name entry element Korea
Form subdivision Tools
700 ## - ADDED ENTRY--PERSONAL NAME
Personal name Rutherford, Bonnie
Relator term Illustrator
942 ## - ADDED ENTRY ELEMENTS (KOHA)
Source of classification or shelving scheme Dewey Decimal Classification
Koha item type Books
Suppress in OPAC No
Holdings
Withdrawn status Lost status Source of classification or shelving scheme Damaged status Not for loan Collection Home library Current library Shelving location Date acquired Total Checkouts Full call number Barcode Date last seen Copy number Price effective from Koha item type
    Dewey Decimal Classification     Juvenile Fiction Footprints International School Library Network Toul Tom Poung Campus Footprints International School Library Network Toul Tom Poung Campus TTP Primary Yellow Bookshelves 01/15/2026   AND 813 PZ7 2026-0050 01/15/2026 1 01/15/2026 Books